Normal view MARC view
  • Biblioteca Sor Juana Inés de la Cruz (México)

Entry Nombre Corporativo

Number of records used in: 5

001 - NÚMERO DE CONTROL

  • campo de control: 52258

003 - IDENTIFICADOR DE NUMERO DE CONTROL

  • campo de control: MX-MxUPN

005 - FECHA Y HORA DE LA ÜLTIMA TRANSACCIÓN

  • campo de control: 20240701134253.0

008 - DATOS DE LONGITUD FIJA

  • campo de control de longitud fija: 240606|| acn||aabn a a|a d

040 ## - FUENTE DE CATALOGACIÓN

  • Agencia original de catalogación: MX-MxUPN
  • Lenguaje de catalogación: spa

110 2# - ENCABEZAMIENTO - NOMBRE CORPORATIVO

  • Nombre corporativo o de jurisdicción como elemento de entrada : Biblioteca Sor Juana Inés de la Cruz (México)

410 2# - MENCIÓN DE REFERENCIA “VÉASE” – NOMBRE DE ENTIDAD CORPORATIVA

  • Corporate name or jurisdiction name as entry element: Biblioteca Pública Sor Juana Inés de la Cruz (México)

670 ## - FUENTE EN LA QUE SE LOCALIZARON DATOS

  • Cita de la fuente : Guía metodológica para la enseñanza de la instrucción cívica y del derecho usual en las escuelas primarias, 1904 :
  • Información localizada: portada (sello: biblioteca pública Sor Juana Inés de la Cruz)

670 ## - FUENTE EN LA QUE SE LOCALIZARON DATOS

  • Cita de la fuente : Red Nacional de Bibliiotecas Públicas, 06 mayo 2024 :
  • Información localizada: (Sor Juana Inés de La Cruz. Depende de: SEP-CDMX (Secretaría de Educación Pública de la Ciudad de México))

902 ## - CATALOGADOR

  • Catalogador: MaríaRObles/060624